F2 GRID 2025 - Statistics

General Stats
  • This quiz has been taken 56 times
  • The average score is 17 of 22
Answer Stats
Team Nat Answer % Correct
Invicta Racing ITA Leonardo Fornaroli
97%
Campos Racing ESP Pepe Marti
97%
ART Grand Prix FRA Victor Martins
94%
Rodin Motorsport IRL Alex Dunne
87%
DAMS Lucas Oil IND Kush Maini
84%
Hitech TGR GBR Luke Browning
84%
VAR MEX Rafael Villagomez
84%
Invicta Racing CZE Roman Stanek
84%
Prema Racing COL Sebastian Montoya
84%
AIX Racing PAR Joshua Durksen
81%
ART Grand Prix JAP Ritomo Miyata
81%
Campos Racing GBR Arvid Lindblad
77%
Prema Racing ITA Gabriele Mini
77%
DAMS Lucas Oil USA Jak Crawford
77%
MP Motorsport GER Oliver Goethe
74%
MP Motorsport NED Richard Verschoor
74%
Rodin Motorsport BEL Amaury Cordeel
65%
AIX Racing GBR Cian Shields
65%
Hitech TGR SWE Dino Beganovic
65%
VAR GBR John Bennett
58%
Trident USA Max Esterson
48%
Trident FRA Sami Meguetounif
45%
No matching quizzes found
Score Distribution
Percent of People with Each Score
Percentile by Number Answered
Your Score History
You have not taken this quiz